00564cam a22001932 4500001001100000005001700011008004100028020001700069040001500086100003100101245006400132250001200196260004100208300001700249650006300266700003500329852000300364852000300367000002048920151217152215.0110920s xx 000 0 eng d a8171797210 : aKABUcKABU1 aFrancis, C. M.@000018091310aHospital administration /cC. M. Francis, Mario C de Souza. a3rd ed. aNew Delhi :bJaypee brothers,c2000. aviii, 385 p. 0aHospitalvVocational guidancexadministration.@00001809141 aDe Souza, Mario C.@00001809151 1